|
|
|
|
| LEADER |
00000nab a2200000 a 4500 |
| 001 |
vtls000043276 |
| 003 |
SK-MaSNL |
| 005 |
20260305024331.0 |
| 008 |
250422c1979 xo 0 slo |
| 015 |
|
|
|a SNBRB19rr/mm-uuuuu
|
| 035 |
|
|
|a CL0053371
|
| 035 |
|
|
|a urn:nbn:sk:snk-ab2icx
|
| 035 |
|
|
|a (urnnbn)urn:nbn:sk:snk:ar-a02gq0
|
| 035 |
|
|
|a (uuid)46e7a0c4-857a-44cb-9670-4c97828f7a3f
|
| 040 |
|
|
|a SNKBUCL
|b slo
|c SNKBUCL
|e AACR2
|
| 041 |
0 |
|
|a slo
|
| 044 |
|
|
|a xo
|c SK
|
| 080 |
|
|
|a 338.2
|2 1981
|
| 080 |
|
|
|a 330.1
|2 1981
|
| 100 |
1 |
|
|a Bezák, Ivan
|4 aut
|9 404364
|
| 245 |
1 |
0 |
|a Konferencia o otázkach plánovania národného hospodárstva vo vzťahu k politickej ekonómii socializmu
|c Ivan Bezák
|
| 650 |
0 |
7 |
|a národné hospodárstvo
|2 snkbucl
|9 846
|
| 650 |
0 |
7 |
|a politická ekonómia
|2 snkbucl
|9 69672
|
| 655 |
|
7 |
|a články z novín a časopisov
|2 snkbucl
|9 267496
|
| 773 |
0 |
|
|t Ekonomika stavebníctva
|g Roč. 14, č. 10 (1979), s. 315-317
|
| 850 |
|
|
|a Slovenská národná knižnica
|
| 852 |
|
|
|a Slovenská národná knižnica
|
| 954 |
|
|
|a odborná, vedecká literatúra pôvodná (slovenská)
|2 lita
|
| 957 |
|
|
|a 5201
|
| 958 |
|
|
|a article27
|
| 958 |
|
|
|a RK
|
| 958 |
|
|
|a OND
|
| 958 |
|
|
|a EUIPO
|
| 992 |
|
|
|a RBX
|
| 999 |
|
|
|c 3301739
|d 3303669
|